AN INTRODUCTION TO PROBABILITY THEORY AND ITS APPLICATIONS (Record no. 18540)
[ view plain ]
| 000 -LEADER | |
|---|---|
| fixed length control field | 00447cam a2200181ua 4500 |
| 008 - FIXED-LENGTH DATA ELEMENTS--GENERAL INFORMATION | |
| fixed length control field | 120811n II |||gr||||Z||||||eng |
| 040 ## - CATALOGING SOURCE | |
| Original cataloging agency | MAIN |
| 041 ## - LANGUAGE CODE | |
| -- | English |
| 082 ## - DEWEY DECIMAL CLASSIFICATION NUMBER | |
| Classification number | 510 FEL |
| 100 ## - MAIN ENTRY--PERSONAL NAME | |
| Personal name | FELLER, WILLIAM. |
| 245 ## - TITLE STATEMENT | |
| Title | AN INTRODUCTION TO PROBABILITY THEORY AND ITS APPLICATIONS |
| 250 ## - EDITION STATEMENT | |
| Edition statement | Rep. |
| 260 ## - PUBLICATION, DISTRIBUTION, ETC. | |
| Place of publication, distribution, etc. | U.K.: |
| Name of publisher, distributor, etc. | JOHN WILEY & SONS., |
| Date of publication, distribution, etc. | 2010. |
| 300 ## - PHYSICAL DESCRIPTION | |
| Extent | 509: |
| Dimensions | 20CM. |
| 942 ## - ADDED ENTRY ELEMENTS (KOHA) | |
| Koha item type | Books |
| 653 ## - INDEX TERM--UNCONTROLLED | |
| Uncontrolled term | Mathematics |
| Withdrawn status | Lost status | Damaged status | Not for loan | Collection code | Home library | Current library | Shelving location | Date acquired | Full call number | Barcode | Date last seen | Copy number | Price effective from | Koha item type | Public note |
|---|---|---|---|---|---|---|---|---|---|---|---|---|---|---|---|
| TBMAT | Central Library and Information Centre Sibsagar Girls College | Central Library and Information Centre Sibsagar Girls College | MATHEMATICS BOOK RACK | 06.08.2012 | 510 FEL | 27914 | 27.02.2020 | 1 | 27.02.2020 | Books | V |